01039cam a22002411 4500001001300000003000400013005001700017008004100034010001700075035002000092040003000112041001300142042001200155050002200167100006500189245017200254260004000426300001700466504003100483505024900514650001700763999001700780sa 67003053 DLC20260227112335.0880401s1965 ii b 000 0 eng  asa 67003053  a(OCoLC)17723536 aDLCcIUBdIUBdOCoLCdDLC1 aenghara apremarc00aKNS479b.B35 19651 aBaillie, Neil B. E.q(Neil Benjamin Edmonstone),d1799-1883.12aA digest of Moohummdan [sic] law;bcompiled and translated from authorities in the original Arabic,cwith an introduction and explanatory notes, by Neil B. E. Baillie. aLahore,bPremier Book Housec[1965] a2 v.c20 cm. aBibliographical footnotes.0 a[1] The doctrines of the Hanifeea code of jurisprudence, rev. with some additions to the text, and a supplement on sale, loan, and mortgage, etc.--2. The doctrines of the Imameea code of jurisprudence on the most important of the same subjects. 0aIslamic law. c73602d73602